00559nam a2200157Ia 4500008004100000041000800041082001600049100001600065245003900081260001900120365001600139700002500155906003400180999001900214952016800233230718s9999 xx 000 0 und d aeng a005.13bPOT aPotdar G.P. aPrinciples Of Programming Language c2000bTechnova cRs.b290.00 aPotdar G.P. & Kajave dB:946419-Oct-2001cCOMPb43.5 c301757d301757 01104070aCCEPbCCEPd2001-07-12ePradeep Book DistributorsfCOMPg246.50i9464o005.13pCCEP-BK-12963r2023-07-18 00:00:00t43.5v290.00w2001-10-19yBKz012963